000 01312nam a22003377a 4500
003 DO-SdBNP
005 20231030120032.0
006 a||||br|||| 00| 0
007 ta
008 201125e1977 dr ||brfi|| 001 0 spa d
040 _aDO-SdBNP
_bspa
_cBNPHU
_erda
082 4 _bG887g
_222
100 1 _aGrullón, Ernestina,
_930644
_eautora
245 1 0 _aGuía para el maestro :
_bciencias naturales-ciencias sociales 2do. curso. /
_cErnestina Grullón, Luisa María Altagracia, Argentina Bejaran de Rodríguez, Germecinda LLaverías Colón, Celia Moyano,...[y otros]
264 1 _aSanto Domingo :
_bEDYCA ,
_c1977
300 _a72 páginas :
_c26 cm.
336 _2rdacontent
_atexto
_btxt
337 _2rdamedia
_asin mediación
_bn
338 _2rdacarrier
_avolumen
_bnc
500 _aContiene evaluaciones parciales.-
505 1 _aCiencias Naturales, páginas 4 - 36.
505 1 _aCiencias sociales, páginas 37-72
590 _aInventariado 2023 / MF
700 1 _aAltagracia, Luisa María,
_930645
_eautora
700 1 _aBejaran de Rodríguez, Argentina,
_930646
_eautora
700 1 _aLlaverías Colón, Germecinda,
_930647
_eautora
700 1 _aMoyano, Celia,
_930648
_eautora
700 1 _aAna, Silvestre,
_eautora
_984279
830 _aEditorial Dominicana y el Caribe.
_977700
942 _2ddc
_cLBS1
999 _c49205
_d49205